000 01579nam a22001577a 4500
999 _c523878
_d523878
008 231011b ||||| |||| 00| 0 eng d
100 _aNahida Begum N.
_944094
245 _aReflections on the second administrative reforms commission: An analysis of the implementation of e-governance initiatives
260 _aIndian Journal of Public Administration
300 _a69(3), Sep, 2023: p.555-570
520 _aAdministrative Reforms Commission (ARC) was established by the Union Government of India to offer suggestions for the improvement of administrative machinery in India. This article focuses on the Second ARC’s Eleventh Report, which consists of recommendations on promoting e-Governance in India. The article emphasises the initiatives introduced by the Government of India to promote e-Governance and enhance civic engagement in the process of governance. These initiatives have been implemented, and some of them are in the process of implementation to promote good governance through the mechanism of e-Governance. It also highlights the implementation of the recommendations made by the ARC and the achievements and advancements made by the Bharatiya Janata Party Government under Prime Minister Narendra Modi in promoting e-Governance. The article analyses the various initiatives and offers suggestions for their improvement. – Reproduced
650 _aAdministrative reforms commission, e-Governance, Civic engagement, recommendation.
_940959
773 _aIndian Journal of Public Administration
906 _aADMINISTRATIVE REFORMS
942 _cAR